सामाजिक इतिहास लेखन की चुनौती (Record no. 296061)
[ view plain ]
| 000 -LEADER | |
|---|---|
| fixed length control field | 01149nam a2200277Ia 4500 |
| 003 - CONTROL NUMBER IDENTIFIER | |
| control field | OSt |
| 005 - DATE AND TIME OF LATEST TRANSACTION | |
| control field | 20220923211145.0 |
| 008 - FIXED-LENGTH DATA ELEMENTS--GENERAL INFORMATION | |
| fixed length control field | 220922b |||||||| |||| 00| 0 hin d |
| 020 ## - INTERNATIONAL STANDARD BOOK NUMBER | |
| International Standard Book Number | 8186684778 (hbk) |
| 037 ## - SOURCE OF ACQUISITION | |
| Terms of availability | Textual |
| 040 ## - CATALOGING SOURCE | |
| Original cataloging agency | ARTS |
| Transcribing agency | ARTS |
| Language of cataloging | hin |
| 041 ## - LANGUAGE CODE | |
| Source of code | hin |
| Language code of text/sound track or separate title | hin |
| 100 ## - MAIN ENTRY--PERSONAL NAME | |
| Personal name | सरकार, सुमित; 'शाहिद' खां, एन. ए., अनु. |
| 9 (RLIN) | 158851 |
| 245 #0 - TITLE STATEMENT | |
| Title | सामाजिक इतिहास लेखन की चुनौती |
| 246 ## - VARYING FORM OF TITLE | |
| Title proper/short title | Sāmājik itihās lekhan kī chunautī |
| 260 ## - PUBLICATION, DISTRIBUTION, ETC. | |
| Place of publication, distribution, etc. | दिल्ली |
| Name of publisher, distributor, etc. | ग्रंथ शिल्पी |
| Date of publication, distribution, etc. | 2010 |
| 300 ## - PHYSICAL DESCRIPTION | |
| Extent | 421पृ. |
| Dimensions | cm. |
| 490 ## - SERIES STATEMENT | |
| Series statement | भारतीय इतिहास के गौरव ग्रंथ |
| 650 ## - SUBJECT ADDED ENTRY--TOPICAL TERM | |
| Topical term or geographic name entry element | भारतीय-लोक साहित्य |
| 9 (RLIN) | 158852 |
| 942 ## - ADDED ENTRY ELEMENTS (KOHA) | |
| Classification part | Yv2, 152P1 |
| Koha item type | Textual |
| Source of classification or shelving scheme | Colon Classification (CC) |
| Withdrawn status | Lost status | Damaged status | Not for loan | Home library | Current library | Date acquired | Source of acquisition | Cost, normal purchase price | Total Checkouts | Full call number | Barcode | Date last seen | Cost, replacement price | Price effective from | Koha item type |
|---|---|---|---|---|---|---|---|---|---|---|---|---|---|---|---|
| Arts Library | Arts Library | 2022-09-23 | 311, 30/06/2011, Vani Prakashan | 1650.00 | Yv2 152P1 | AL1297556 | 2022-09-23 | 1650.00 | 2022-09-23 | Textual |
